Statistics for Name a European Country A-Z

Click here to take the quiz!

General Stats

  • This quiz has been taken 89 times
  • The average score is 18 of 18

Answer Stats

Letter Country % Correct
SSan Marino | Serbia | Slovakia | Slovenia |
Spain | Sweden | Switzerland
100%
FFinland | France
100%
IIceland | Ireland | Italy
100%
UUkraine | United Kingdom
100%
AAlbania | Andorra | Austria
99%
DDenmark
99%
GGermany | Greece
99%
BBelarus | Belgium |
Bosnia and Herzegovina | Bulgaria
99%
NNetherlands | North Macedonia | Norway
99%
PPoland | Portugal
99%
CCroatia | Czech Republic
98%
EEstonia
98%
RRomania | Russia
98%
HHungary
96%
LLatvia | Liechtenstein | Lithuania | Luxembourg
96%
KKosovo
95%
MMalta | Moldova | Monaco | Montenegro
95%
VVatican City
95%

Score Distribution

Percentile by Number Answered

Percent of People with Each Score

Your Score History

You have not taken this quiz